000 00634nam a2200193Ia 4500
003 GCL
008 140319s9999 xx 000 0 ara d
040 _aGCL /
_cGCL
082 0 4 _a191
_bم ا
100 1 _aمجموعة من المؤلفين
245 1 0 _aاضواء على التعصب :مجموعة مؤلفين من اديب اسحق والافغانىالى ناصف نصار /
_cمجموعة من المؤلفين
300 _a214 ص
490 _a
650 0 4 _aالتعصب
650 0 4 _aالفلسفة الحديثة
650 0 4 _aالتعصب الدينى
650 0 4 _aالتعصب السياسى
942 _2ddc
_cBK
999 _c44431
_d44431